Signals : The telephone and beyond

Na minha lista:
Detalhes bibliográficos
Autor principal: Pierce, John R.
Formato: Livro
Idioma:Undetermined
Publicado em: San Francisco W. H. Freeman and Company 1981
Assuntos:
Tags: Adicionar Tag
Sem tags, seja o primeiro a adicionar uma tag!
Thư viện lưu trữ: Trung tâm Học liệu Trường Đại học Cần Thơ
LEADER 00516nam a2200193Ia 4500
001 CTU_84054
008 210402s9999 xx 000 0 und d
082 |a 621.38 
082 |b P615 
100 |a Pierce, John R. 
245 0 |a Signals : 
245 4 |b The telephone and beyond 
245 0 |c John R. Pierce 
260 |a San Francisco 
260 |b W. H. Freeman and Company 
260 |c 1981 
650 |a Telecommunication 
904 |i Qhieu(sửa) 
980 |a Trung tâm Học liệu Trường Đại học Cần Thơ